| 000 -CABECERA |
| Longitud fija campo de control |
00765nam a22002177a 4500 |
| 003 - IDENTIFICADOR DEL NÚMERO DE CONTROL |
| Identificador del número de control |
OSt |
| 005 - FECHA Y HORA DE LA ÚLTIMA TRANSACCIÓN |
| Fecha y hora de la última transacción |
20171220134011.0 |
| 008 - CÓDIGOS DE INFORMACIÓN DE LONGITUD FIJA |
| Códigos de información de longitud fija |
171220|---- spc|||||||||||||| ||cat|d |
| 017 ## - NÚMERO DE COPYRIGHT O DE DEPÓSITO LEGAL |
| Número de copyright o de depósito legal |
DL B 18029-2017 |
| Agencia que asigna el número |
Biblioteca de Catalunya |
| 020 ## - NÚMERO INTERNACIONAL NORMALIZADO PARA LIBROS |
| Número Internacional Normalizado para Libros (ISBN) |
9788494675317 |
| 040 ## - FUENTE DE LA CATALOGACIÓN |
| Centro catalogador de origen |
ES-BaURL |
| Lengua de catalogación |
cat |
| Centro transcriptor |
CDMR |
| 100 1# - PUNTO DE ACCESO PRINCIPAL-NOMBRE DE PERSONA |
| Nombre de persona |
Julibert, Joan, |
| 245 13 - MENCIÓN DE TÍTULO |
| Título |
La causa del periodisme |
| Resto del título |
: la veritat sobre la construcció del relat en els mitjans de comunicació / |
| Mención de responsabilidad, etc. |
Joan Julibert |
| 260 ## - PUBLICACIÓN, DISTRIBUCIÓN, ETC. (PIE DE IMPRENTA) |
| Lugar de publicación, distribución, etc. |
Barcelona : |
| Nombre del editor, distribuidor, etc. |
Saldonar, |
| Fecha de publicación, distribución, etc. |
2017 |
| 300 ## - DESCRIPCIÓN FÍSICA |
| Extensión |
334 pàgines ; |
| Dimensiones |
21 cm |
| 500 ## - NOTA GENERAL |
| Nota general |
Bibliografia |
| 650 07 - PUNTO DE ACCESO ADICIONAL DE MATERIA - TÉRMINO DE MATERIA |
| Término de materia o nombre geográfico como elemento inicial |
Mitjans de comunicació de massa |
| Subdivisión de materia general |
Objectivitat |
| Fuente del encabezamiento o término |
lemac |
| 9 (RLIN) |
405 |
| 650 07 - PUNTO DE ACCESO ADICIONAL DE MATERIA - TÉRMINO DE MATERIA |
| Término de materia o nombre geográfico como elemento inicial |
Periodisme |
| Subdivisión de materia general |
Innovacions tecnològiques |
| Fuente del encabezamiento o término |
lemac |
| 9 (RLIN) |
2272 |
| 650 07 - PUNTO DE ACCESO ADICIONAL DE MATERIA - TÉRMINO DE MATERIA |
| Término de materia o nombre geográfico como elemento inicial |
Ètica periodística |
| Fuente del encabezamiento o término |
lemac |
| 9 (RLIN) |
983 |
| 942 ## - ENTRADA DE ELEMENTOS AGREGADOS (KOHA) |
| Koha [por defecto] tipo de item |
Monografies |